000 002360000a22000970004500
100 1 _aChristensen, Chuck
245 1 0 _aWhen christians lose face
300 _aNúm 76 (1996), Páginas 14-15
773 0 _tWorld Evangelization
942 _cANA
999 _c57528
_d57528